UK Town and City Trivia - Stoke-on-Trent - Statistics

General Stats
  • This quiz has been taken 55 times
  • The average score is 10 of 15
Answer Stats
Hint Answer % Correct
Ceremonial county in which Stoke-on-Trent is located Staffordshire
95%
Name given to Stoke on Trent due to its history of ceramic production The Potteries
91%
Hanley
79%
Along with Stoke, these places make up the 'six towns' of Stoke-on-Trent Burslem
77%
Stoke-on-Trent born former member of 'Take That' Robbie Williams
77%
Motorway that runs to the west of Stoke-on-Trent M6
72%
Stoke City football player, often regarded as one of the greatest of all time Stanley Matthews
70%
Formal gardens and landscaped park on the southern edge of Stoke-on-Trent {Trentham} Gardens
67%
Fenton
65%
Tunstall
60%
Original name of what became the Bet365 stadium, Stoke City F.Cs home ground Britannia
56%
Stoke-on-Trent born founder and lead singer of the band Motörhead Lemmy
56%
Longton
56%
Major canal that runs through Stoke-on-Trent Trent and {Mersey}
56%
Stoke-on-Trent ceramics company that had a factory at the Etruria Works Wedgwood
53%
No matching quizzes found
Score Distribution
Percent of People with Each Score
Percentile by Number Answered
Your Score History
You have not taken this quiz